00853nam a22002297a 4500999001700000003000900017008004100026040007100067082001700138100002300155110003400178245002400212260003100236300002800267505008100295650001500376650002800391700008200419942001600501945000900517952009700526 c20158d20158AR-CdUCM190527b ||||| |||| 00| 0 spa d aMUNICIPALIDAD PROVINCIAL DEL CUSCOcBIBLIOTECA MUNICIPAL DEL CUSCO a784.7 /bR88 aRozas Aragon, Abel aMunicipalidad del Qosqo96414 aEl himno de Cusco / aCusco :bMercantil,c1992. a380 páginas ;c24 cm. aContenido: Antecedentes -- Inicios -- Primer concurso -- Segundo concurso... aCusco9772 aHimno cusqueño942153 aPantigozo G. Edmundo (diagramación), Gaspar M., Jorge (melografía)942154 2ddccLIBROS aAndy 002ddc4070aSAbSAcCARTd2019-05-27g30.00o784.7 / R88pSA0000000596r2019-05-27yLIBROS